000 00276nam a22001337a 4500
008 170714b xxu||||| |||| 00| 0 eng d
020 _a9780877843429
041 _aeng
080 _a17
100 _a24
101 _aFIL
245 _aETHICS
_cHOLMES, A.E
942 _2udc
_cBK
999 _c20801
_d20801